000 00323nam a2200121Ia 4500
008 220204s9999 xx 000 0 und d
082 _a630*2
_bNEG
100 _aNEGI, S S
245 0 _aElements of general silviculture
260 _aDehra Dun
_bInternational Book Distributors
_c1988
650 _aSilviculture
942 _cBK
999 _c40073
_d40073